LEADER 01283nam0 22002651i 450 001 UON00415348 005 20231205104758.327 010 $a978-88-204-0576-2 100 $a20121218d2012 |0itac50 ba 101 $aita 102 $aIT 105 $a|||| ||||| 200 1 $aNutrire l'uomo vestire il pianeta$eAlimentazione-Agricoltura-Ambiente tra imperialismo e cosmopolitismo$fMaria Gemma Grillotti Di Giacomo 210 $aMilano$cFranco Angeli$d2012 - 239 p. ; 23 cm. 606 $aGeografia economica$3UONC035403$2FI 620 $aIT$dMilano$3UONL000005 700 1$aGrillotti Di Giacomo$bMaria Gemma$3UONV112500$033164 712 $aAngeli$3UONV277541$4650 801 $aIT$bSOL$c20260116$gRICA 899 $aSIBA - SISTEMA BIBLIOTECARIO DI ATENEO E ARCHIVIO STORICO$2UONSI 912 $aUON00415348 950 $aSIBA - SISTEMA BIBLIOTECARIO DI ATENEO E ARCHIVIO STORICO$dSI VII GEO 2.0 0735 $eSI 3269 5 0735 $sBuono 951 $aSIBA - SISTEMA BIBLIOTECARIO DI ATENEO E ARCHIVIO STORICO$bSI2012713 1J 20121218 996 $aNutrire l'uomo vestire il pianeta$9843028 997 $aUNIOR